El insólito a Singapur de Mardoqueo Gómez, inventor /
Mardoqueo Gómez recibe una invitación para representar a la Argentina en la Reunión Anual de Inventores que se realizara en Singapur. Es requisito fundamental que viaje en un vehículo de su invención, y para eso crea a Gusa, un medio de transporte subterráneo, submarino y helicóptero.
Guardado en:
| Autor Principal: | |
|---|---|
| Otros Autores: | |
| Formato: | Libro |
| Idioma: | Undetermined |
| Publicado: |
Buenos Aires :
Santillana,
2001.
|
| Series: | Leer es genial. Cuidar y querer
|
| Materias: | |
| Etiquetas: |
Agregar Etiqueta
Sin Etiquetas, Sea el primero en etiquetar este registro!
|
| LEADER | 01006nam a22002295a 4500 | ||
|---|---|---|---|
| 001 | CEM.cems020029 | ||
| 008 | 230426s2001####ag############000#0#und#d | ||
| 005 | 20250604141358.0 | ||
| 245 | 1 | 0 | |a El insólito a Singapur de Mardoqueo Gómez, inventor / |c Carlos Silveyra; ilustrado O´Kif. |
| 260 | |a Buenos Aires : |b Santillana, |c 2001. | ||
| 300 | |a 90 p. | ||
| 490 | 1 | |a Leer es genial. Cuidar y querer | |
| 520 | |a Mardoqueo Gómez recibe una invitación para representar a la Argentina en la Reunión Anual de Inventores que se realizara en Singapur. Es requisito fundamental que viaje en un vehículo de su invención, y para eso crea a Gusa, un medio de transporte subterráneo, submarino y helicóptero. | ||
| 020 | |a 9504610277 | ||
| 100 | 1 | |a Silveyra, Carlos. | |
| 700 | 1 | |a O´Kif; il. | |
| 653 | |a Literatura Argentina. | ||
| 653 | |a Literatura. | ||
| 653 | |a Literatura Infantil. | ||
| 653 | |a Novela. | ||
| 653 | |a Novela Infantil. | ||
| 859 | |a CEMS |b BIB. CEMS - Inicial y Primaria |h A863.4 |i Si339 |k IP |p 2862 |t Ej.1 | ||
